|
|
|
|
| LEADER |
01270nam a22003497a 4500 |
| 001 |
33837 |
| 003 |
BD-DhAAL |
| 005 |
20211123112816.0 |
| 008 |
180930t2013 nyua 000 f eng |
| 999 |
|
|
|c 40083
|d 40083
|
| 010 |
|
|
|a 2012028928
|
| 020 |
|
|
|a 9781250043641
|
| 020 |
|
|
|a 9780374224240 (hardcover : alk. paper)
|
| 040 |
|
|
|a DLC
|c DLC
|d DLC
|d BD-DhAAL
|
| 042 |
|
|
|a pcc
|
| 050 |
0 |
0 |
|a PS3618.I3334
|b O44 2013
|
| 082 |
0 |
0 |
|a 813.6
|2 23
|
| 100 |
1 |
|
|a Rich, Nathaniel,
|d 1980-
|9 28354
|
| 245 |
1 |
0 |
|a Odds against tomorrow :
|c Nathaniel Rich ; [illustrations by Oliver Munday].
|
| 250 |
|
|
|a First edition.
|
| 260 |
|
|
|a New York :
|b Farrar, Straus and Giroux,
|c c2013.
|
| 300 |
|
|
|a 306 pages :
|b illustrations ;
|c 22 cm.
|
| 526 |
|
|
|a ENH
|
| 541 |
|
|
|a Trim Education
|e 33837
|
| 650 |
|
0 |
|a Scientists
|v Fiction.
|9 28355
|
| 650 |
|
0 |
|a English literature
|9 43019
|
| 655 |
|
7 |
|a Fantasy fiction.
|2 gsafd
|9 43020
|
| 655 |
|
7 |
|a Science fiction.
|2 gsafd
|9 43021
|
| 700 |
1 |
|
|a Munday, Oliver.
|9 28358
|
| 852 |
|
|
|a Ayesha Abed Library
|c General Stacks
|
| 942 |
|
|
|2 ddc
|c BK
|
| 952 |
|
|
|0 0
|1 0
|2 ddc
|4 0
|6 813_600000000000000_RIC
|7 0
|9 64426
|a BRACUL
|b BRACUL
|c GEN
|d 2018-09-24
|e Trim Education
|g 1710.00
|l 9
|m 41
|o 813.6 RIC
|p 3010033837
|q 2026-05-21
|r 2026-04-20
|s 2026-04-20
|t 1
|v 1710.00
|w 2018-09-24
|y BK
|